De volta à cabana (Record no. 74639)

MARC details
000 -LÍDER
campo de controle de tamanho fixo 00397 a2200169 4500
001 - NÚMERO DE CONTROLE
campo de controle 74639
020 ## - ISBN - INTERNATIONAL STANDARD BOOK NUMBER
ISBN - International Standard Book Number 978857542698-2
040 ## - FONTE DA CATALOGAÇÃO
Instituição que transcreveu o registro Anchieta - Colégio São Paulo
100 ## - ENTRADA PRINCIPAL--NOME PESSOAL
Nome pessoal Krugeer, C Baxter
240 10 - TÍTULO UNIFORME
Título uniforme De volta à cabana
Idioma da obra por
245 10 - TÍTULO
Título De volta à cabana
300 ## - DESCRIÇÃO FÍSICA
Extensão 235
362 0# - DATAS DE PUBLICAÇÃO E/OU DESIGNAÇÃO SEQUENCIAL
Datas de publicação e/ou designação sequencial 2011
440 #1 - DECLARAÇÃO DE SÉRIE/ENTRADA ADICIONADA--TÍTULO
Título Objetiva
650 #4 - ASSUNTO--TERMO TÓPICO
Cabeçalho tópico ou nome geográfico Ficção norte-americana em inglês
942 ## - ELEMENTOS DE ENTRADA ADICIONADOS (KOHA)
Tipo de material Koha Livros
Holdings
Situação do descarte Situação das perdas Situação física Não pode ser emprestado Biblioteca de origem Biblioteca atual Data de aquisição Total de empréstimos Número de chamada completo Código de barras Data de último acesso Data do preço efetivo Tipo de material Koha
        Colégio São Paulo Colégio São Paulo 22/11/2023   813 K942v 5456/CSP 22/11/2023 22/11/2023 Livros